Países cuyo nombre termina con la letra O - Estadísticas

Estadísticas generales
  • Esta prueba ha sido intentada 239 veces
  • La puntuación promedio es 11 de 17
Estadísticas de respuestas
Países % Correcto
Egipto
81%
Togo
79%
República del Congo
76%
República del Congo
76%
México
74%
Kosovo
73%
Mónaco
71%
Montenegro
64%
Lesoto
61%
Líbano
61%
Ciudad del Vaticano
60%
Luxemburgo
57%
San Marino
56%
Mauricio
54%
Reino Unido
53%
Trinidad y Tobago
51%
Burkina Faso
41%
No se encontraron pruebas coincidentes
Distribución de puntuación
Porcentaje de gente con cada puntuación
Porcentaje por número respondido
Historial de tus puntuaciones
No has intentado esta prueba.